02295cam a2200349 i 4500001001900000003000600019005001700025008004100042020002900083035002100112035002600133035002200159040003700181041001200218100006000230245010700290246003600397246007800433250002400511264005900535300004000594500005200634520093600686650002901622650003101651650002901682653001101711942000801722952010001730952010001830999001501930990234191670107026UkOxU20260512150052.0230215s2023 deua 000 0 eng d a9798345824672qpaperback a(UkOxU)023419167 a(UkOxU)023419167BIB01 a(OCoLC)1370198841 aYEPbengerdacYEPdOCLCFdUkOxU aEnglish aClarke, Adamc(Google certified professional),eauthor.10aSEO 2025b: learn search engine optimization with smart internet marketing strategies c/ Adam Clarke.3 aSearch engine optimization 202330aLearn search engine optimization with smart internet marketing strategies aExpanded & updated. 1a[Delaware] :bSimple Effectiveness Publishing,c[2025] a247 pages :billustrations ;c23 cm a"Free SEO checklist & video tutorials" --Cover. aSEO 2025 – Beginner to Advanced is a newly updated guide (August 2025) to search engine optimisation, covering everything from fundamentals to advanced strategies. It explains Google’s algorithms, keyword research, local SEO, link building, and how to adapt to the latest core updates (March and June 2025). The book also addresses the impact of AI tools such as ChatGPT and Google Gemini on search, showing how businesses can appear in AI results as well as traditional rankings. With step-by-step checklists, case studies, and tutorials, it offers practical techniques to safeguard sites from algorithm changes, recover from penalties, and build effective links. A bonus chapter introduces pay-per-click advertising with Google Ads. Positioned as one of the most comprehensive SEO handbooks available, it aims to give readers the knowledge and tools to rank highly, stay ahead of updates, and attract more customers online. 0aWeb search engines97488 0aWeb site development97487 0aInternet marketing91133 aGoogle 2lcc 00102lcc4070aTBSbTBSd2025-09-16l0oHF5415.1265 CLApB07603r2025-09-16t1w2025-09-16y1 00102lcc4070aTBSbTBSd2025-09-23l0oHF5415.1265 CLApB07602r2025-09-23t2w2025-09-23y1 c4951d4951